00193nam a2200085Ia 4500008004100000041000800041082001200049100002100061245002500082240625s9999 xx 000 0 und d aeng a332 DAM aDAMODARAN ASWATH aINVESTMENT VALUATION